Traffic & transportation problems in metropolitan cities; (Record no. 79675)

MARC details
000 -LEADER
fixed length control field 00741cam a22002171 4500
001 - CONTROL NUMBER
control field sa 68003697
003 - CONTROL NUMBER IDENTIFIER
control field DLC
005 - DATE AND TIME OF LATEST TRANSACTION
control field 20260227112455.0
008 - FIXED-LENGTH DATA ELEMENTS--GENERAL INFORMATION
fixed length control field 710903s1967 ii ab 000 0 eng
010 ## - LIBRARY OF CONGRESS CONTROL NUMBER
LC control number sa 68003697 //r97
025 ## - OVERSEAS ACQUISITION NUMBER
Overseas acquisition number PL480:I-E-9463
040 ## - CATALOGING SOURCE
Original cataloging agency DLC
Transcribing agency DLC
Modifying agency DLC
043 ## - GEOGRAPHIC AREA CODE
Geographic area code a-ii---
050 00 - LIBRARY OF CONGRESS CALL NUMBER
Classification number HE4992
Item number .A45 1967
082 00 - DEWEY DECIMAL CLASSIFICATION NUMBER
Classification number 388/.0954
110 10 - MAIN ENTRY--CORPORATE NAME
Corporate name or jurisdiction name as entry element India.
Subordinate unit Planning Commission.
-- Study Team on Metropolitan Transport.
245 10 - TITLE STATEMENT
Title Traffic & transportation problems in metropolitan cities;
Remainder of title interim report.
260 0# - PUBLICATION, DISTRIBUTION, ETC.
Place of publication, distribution, etc. New Delhi,
Name of publisher, distributor, etc. Metropolitan Transport Team, Committee on Plan Projects, Planning Commission,
Date of publication, distribution, etc. 1967.
300 ## - PHYSICAL DESCRIPTION
Extent 109 p.
Other physical details illus., fold maps.
Dimensions 30 cm.
650 #0 - SUBJECT ADDED ENTRY--TOPICAL TERM
Topical term or geographic name entry element Urban transportation
Geographic subdivision India.

No items available.

Powered by Koha